000 00473nam a2200133 a 4500
008 120416s1963 ||||||||||||||||| || u
050 _aHJ 141 Wil
100 _aWilliams, Alan H
245 1 0 _aPublic finance and budgetary policy
260 _aLondon
_bAllen and Unwin
_c1963
300 _a283p. : ill.
350 _a0.00
995 _D0.00
_FCBU-MAIN LIBRARY (Kitwe)
_H1
_I0.00
_UAVAILABLE
_ZAnnex Low-Usage Collection
999 _c55282
_d55282